[Event "EtVaS 25 Elo-group"]
[Site "Vantaa (Finland)"]
[Date "1999.07.25"]
[Round "7"]
[White "Kokkila, Tero"]
[Black "Keskisarja, Teemu"]
[Result "1-0"]
[WhiteElo "2305"]
[BlackElo "2268"]
[PlyCount "45"]

1. e4 c5 2. Nf3 d6 3. d4 cxd4 4. Nxd4 Nf6 5. Nc3 a6 6. Be3 Ng4 7. Bg5 h6 8. Bc1
Nf6 9. Bc4 e6 10. Bb3 Nbd7 11. f4 Nc5 12. O-O b5 13. e5 b4 14. exf6 bxc3 15. f5
Nxb3 16. axb3 e5 17. Qf3 Bd7 18. Ne6 Bxe6 19. fxg7 Bxg7 20. fxe6 O-O 21. exf7+
Kh8 22. bxc3 d5 23. Ba3 1-0

[Event "EtVaS 25 Elo-group"]
[Site "Vantaa (Finland)"]
[Date "1999.07.25"]
[Round "7"]
[White "Pirttimäki, Timo"]
[Black "Nykopp, Michael"]
[Result "1-0"]
[WhiteElo "2251"]
[BlackElo "2237"]
[PlyCount "75"]

1. e4 c5 2. Nf3 d6 3. d4 cxd4 4. Nxd4 Nf6 5. Nc3 a6 6. Bc4 e6 7. a3 Be7 8. O-O
O-O 9. Ba2 Nc6 10. Kh1 Nxd4 11. Qxd4 b5 12. Bg5 Bb7 13. Rae1 Qc7 14. f4 Rac8
15. f5 e5 16. Qd1 a5 17. Bxf6 Bxf6 18. Nxb5 Qxc2 19. Nxd6 Ba6 20. Nxc8 Qxd1 21.
Rxd1 Bxf1 22. Nd6 Rd8 23. Bxf7+ Kf8 24. Rxf1 Rxd6 25. Bd5 Rb6 26. b3 Be7 27. a4
Bg5 28. g3 Ke7 29. h4 Be3 30. Kg2 Rb4 31. Kf3 Bc5 32. Bc4 Rb6 33. g4 h6 34. Rc1
Kd6 35. g5 hxg5 36. hxg5 Rb8 37. Rh1 Rb7 38. Rh7 1-0

[Event "EtVaS 25 Elo-group"]
[Site "Vantaa (Finland)"]
[Date "1999.07.25"]
[Round "7"]
[White "Pitkänen, Sami"]
[Black "Parkkinen, Jyrki"]
[Result "1-0"]
[WhiteElo "2291"]
[BlackElo "2111"]
[PlyCount "101"]

1. Nf3 g6 2. e4 Bg7 3. g3 c5 4. d4 cxd4 5. Nxd4 Qa5+ 6. Nc3 Nc6 7. Nde2 Nf6 8.
Bg2 O-O 9. O-O Rd8 10. h3 e6 11. f4 Qc5+ 12. Kh1 d5 13. e5 Ne4 14. Qd3 Nxc3 15.
Nxc3 Nb4 16. Qd2 Bd7 17. a3 Na6 18. Qd3 Be8 19. Rd1 Bf8 20. Be3 Qc7 21. Ne2 Nc5
22. Bxc5 Bxc5 23. c3 Ba4 24. Rd2 Bb3 25. Nd4 Bc4 26. Qf3 Rac8 27. Re1 Qb6 28.
Qf2 a5 29. g4 Rd7 30. f5 Bxd4 31. Rxd4 Qc5 32. Qd2 b5 33. f6 Qf8 34. g5 Rb7 35.
h4 b4 36. axb4 axb4 37. h5 bxc3 38. bxc3 Qa3 39. hxg6 fxg6 40. Bh3 Kf7 41. Rh4
Rh8 42. Bxe6+ Kxe6 43. Qe3 d4 44. Qh3+ Kf7 45. e6+ Kg8 46. Rxd4 Qa8 47. Kg1 Qc8
48. e7 Kf7 49. Qxc8 Rxc8 50. Rd8 Bb5 51. Rxc8 1-0